Normal view
MARC view
Entry Personal Name
001 - CONTROL NUMBER
- control field: 41756
003 - CONTROL NUMBER IDENTIFIER
- control field: dpl
005 - DATE AND TIME OF LATEST TRANSACTION
- control field: 20120213133134.0
008 - FIXED-LENGTH DATA ELEMENTS
- fixed length control field: 120213|||a|||||| | ||| d
040 ## - CATALOGING SOURCE
- Original cataloging agency: dpl
- Transcribing agency: dpl
100 ## - HEADING--PERSONAL NAME
- Personal name: Neal, Patrick Terrance
670 ## - SOURCE DATA FOUND
- Source citation: Work cat.: (dpl): Kinnaman, Dave 41754, Windows NT server 4.0 in the enterprise :, 1999
670 ## - SOURCE DATA FOUND
- Source citation: Work cat.: (dpl): Kinnaman, Dave 41754, Windows NT server 4.0 in the enterprise :, 1999
